[Event "NED-chT 0102"]
[Site "Netherlands"]
[Date "2002.03.16"]
[Round "7.4"]
[White "Van der Vorm, Teun"]
[Black "Hoeksema, Hendrik Pieter"]
[Result "1-0"]
[WhiteElo "2353"]
[BlackElo "2360"]
[PlyCount "71"]
[EventDate "2001.09.29"]
[EventType "team-tourn"]
[EventRounds "9"]
[EventCountry "NED"]
[SourceTitle "EXT 2015"]
[Source "ChessBase"]
[SourceDate "2014.11.20"]
[SourceVersion "1"]
[SourceVersionDate "2014.11.20"]
[SourceQuality "1"]
[WhiteTeam "Amstelveen Zukertort"]
[BlackTeam "Groningen"]
[WhiteTeamCountry "NED"]
[BlackTeamCountry "NED"]

1. e4 c5 2. Nf3 d6 3. d4 cxd4 4. Nxd4 Nf6 5. Nc3 Nc6 6. Bg5 e6 7. Qd2 a6 8. 0-0-0 Bd7 9. f3 b5 10. g4 Be7 11. h4 0-0 12. Kb1 Ne5 13. Qg2 Rb8 14. Bc1 Nc4 15. h5 b4 16. Bxc4 bxc3 17. b3 Rb4 18. g5 Ne8 19. Bf1 Qa5 20. Rd3 Nc7 21. Ne2 d5 22. Nxc3 d4 23. Ne2 e5 24. f4 Nb5 25. fxe5 Rc8 26. Bb2 Be6 27. Qf2 Na3+ 28. Bxa3 Qxa3 29. Nc1 Bxg5 30. Bh3 Be3 31. Qe1 Bxh3 32. Rxh3 Qa5 33. Qd1 Rcb8 34. Ne2 Qxe5 35. Nxd4 Bh6 36. Nc6 1-0

[Event "NED-chT 9900"]
[Site "Netherlands"]
[Date "2000.05.20"]
[Round "9"]
[White "Delemarre, Jop"]
[Black "Van der Vorm, Teun"]
[Result "1-0"]
[WhiteElo "2354"]
[BlackElo "2372"]
[PlyCount "63"]
[EventDate "2000.02.05"]
[EventType "team-tourn"]
[EventRounds "9"]
[EventCountry "NED"]
[SourceTitle "CBM 076 Extra"]
[Source "ChessBase"]
[SourceDate "2000.07.11"]
[SourceVersion "1"]
[SourceVersionDate "2000.07.11"]
[SourceQuality "1"]
[WhiteTeam "Breda Panfox"]
[BlackTeam "Amstelveen"]
[WhiteTeamCountry "NED"]
[BlackTeamCountry "NED"]

1. d4 d5 2. c4 e6 3. Nf3 c6 4. e3 f5 5. Be2 Nf6 6. 0-0 Bd6 7. b3 Qe7 8. a4 a5 9. Ba3 Bxa3 10. Nxa3 0-0 11. Nc2 Ne4 12. Nce1 b6 13. Rc1 Bb7 14. Ne5 Nd7 15. Nxd7 Qxd7 16. f3 Nf6 17. c5 Ba6 18. cxb6 Rfb8 19. Rc3 Qb7 20. Rf2 Qxb6 21. Qc1 Bxe2 22. Rxe2 Ra6 23. Rec2 Rc8 24. Nd3 Nd7 25. Qa3 Kf7 26. b4 Rca8 27. bxa5 Qxa5 28. Qd6 Nf8 29. Rxc6 Rxc6 30. Rxc6 Qd2 31. Rc7+ Kg6 32. Qg3+ 1-0

[Event "NED-chT 9900"]
[Site "Netherlands"]
[Date "2000.04.30"]
[Round "8"]
[White "Van der Vorm, Teun"]
[Black "Roobol, Martin"]
[Result "1/2-1/2"]
[WhiteElo "2372"]
[BlackElo "2246"]
[PlyCount "86"]
[EventDate "2000.02.05"]
[EventType "team-tourn"]
[EventRounds "9"]
[EventCountry "NED"]
[SourceTitle "CBM 076 Extra"]
[Source "ChessBase"]
[SourceDate "2000.07.11"]
[SourceVersion "1"]
[SourceVersionDate "2000.07.11"]
[SourceQuality "1"]
[WhiteTeam "Amstelveen"]
[BlackTeam "Leiden LSG"]
[WhiteTeamCountry "NED"]
[BlackTeamCountry "NED"]

1. e4 d6 2. d4 Nf6 3. Nc3 g6 4. Be3 Nc6 5. f3 e5 6. Nge2 Bg7 7. Qd2 exd4 8. Nxd4 0-0 9. 0-0-0 Re8 10. h4 Ne5 11. Bh6 Bh8 12. Bg5 a6 13. Kb1 b5 14. b3 Bb7 15. Nde2 Rb8 16. Nf4 Ba8 17. Ncd5 c5 18. Be2 c4 19. g3 cxb3 20. cxb3 Nc4 21. Qc1 h6 22. Bxf6 Bxf6 23. Nxf6+ Qxf6 24. Bxc4 bxc4 25. Qxc4 g5 26. hxg5 hxg5 27. Nd5 Qxf3 28. Rhf1 Bxd5 29. Rxd5 Qxe4+ 30. Qxe4 Rxe4 31. Rxg5+ Kf8 32. Rgf5 Rb7 33. Rd1 Re6 34. Kc2 Rg6 35. Rd3 Re7 36. b4 Re2+ 37. Kb3 Rg2 38. Rff3 Ke7 39. a4 Rg1 40. Rde3+ Re6 41. b5 axb5 42. axb5 d5 43. Rd3 Rb1+ 1/2-1/2

[Event "NED-chT 9900"]
[Site "Netherlands"]
[Date "2000.02.05"]
[Round "1"]
[White "Van der Vorm, Teun"]
[Black "Lemmers, Oscar"]
[Result "1-0"]
[WhiteElo "2372"]
[BlackElo "2415"]
[PlyCount "74"]
[EventDate "2000.02.05"]
[EventType "team-tourn"]
[EventRounds "9"]
[EventCountry "NED"]
[SourceTitle "CBM 074 Extra"]
[Source "ChessBase"]
[SourceDate "2000.03.10"]
[SourceVersion "2"]
[SourceVersionDate "2000.03.10"]
[SourceQuality "1"]
[WhiteTeam "Amstelveen"]
[BlackTeam "Enschede Braceland"]
[WhiteTeamCountry "NED"]
[BlackTeamCountry "NED"]

1. e4 c5 2. Nf3 e6 3. d4 cxd4 4. Nxd4 Qb6 5. Nb3 Qc7 6. Bd3 Nf6 7. Nc3 a6 8. f4 d6 9. a4 b6 10. 0-0 Nbd7 11. Qe2 Bb7 12. Bd2 Be7 13. Rae1 e5 14. g4 exf4 15. g5 f3 16. Rxf3 Ng4 17. Ref1 Nge5 18. Rh3 Qd8 19. Nd4 g6 20. Qe3 Nc5 21. Be2 Qd7 22. Rh4 Nxa4 23. Nd5 Bd8 24. Nf3 b5 25. Kh1 Bxd5 26. exd5 0-0 27. Nxe5 dxe5 28. Bg4 Qd6 29. Qh3 h5 30. Bxh5 gxh5 31. Rxh5 Qg6 32. Rh6 Qe4+ 33. Rf3 Kg7 34. g6 Qxf3+ 35. Qxf3 fxg6 36. Qg3 Rf6 37. Qh3 Rf5 1-0

[Event "Porto San Giorgio op 10th"]
[Site "Porto San Giorgio"]
[Date "1998.??.??"]
[Round "2"]
[White "Van der Vorm, Teun"]
[Black "Razuvaev, Yuri S"]
[Result "1/2-1/2"]
[WhiteElo "2380"]
[BlackElo "2555"]
[PlyCount "41"]
[EventDate "1998.08.??"]
[EventType "swiss"]
[EventRounds "9"]
[EventCountry "ITA"]
[SourceTitle "EXT 2000"]
[Source "ChessBase"]
[SourceDate "1999.11.16"]
[SourceVersion "1"]
[SourceVersionDate "1999.11.16"]
[SourceQuality "1"]

1. e4 c5 2. Nf3 Nc6 3. d4 cxd4 4. Nxd4 e6 5. Nb5 d6 6. c4 Nf6 7. N1c3 a6 8. Na3 Be7 9. Be2 b6 10. 0-0 Bb7 11. Be3 Nb8 12. f3 Nbd7 13. Qd2 0-0 14. Rfd1 Qc7 15. Rac1 Rac8 16. Bf1 Qb8 17. Kh1 h6 18. Nc2 Rfe8 19. Bf2 Ne5 20. Ne3 Bc6 21. a4 1/2-1/2

[Event "NED-chT"]
[Site "Netherlands"]
[Date "1998.??.??"]
[Round "?"]
[White "Van der Vorm, Teun"]
[Black "Tjiam, Dharma"]
[Result "1-0"]
[WhiteElo "2380"]
[BlackElo "2305"]
[PlyCount "79"]
[EventDate "1998.??.??"]
[EventType "team"]
[EventRounds "9"]
[EventCountry "NED"]
[SourceTitle "EXT 2007"]
[Source "ChessBase"]
[SourceDate "2006.11.23"]
[SourceVersion "1"]
[SourceVersionDate "2006.11.23"]
[SourceQuality "1"]

1. e4 c5 2. Nf3 Nc6 3. d4 cxd4 4. Nxd4 Nf6 5. Nc3 d6 6. Bg5 Bd7 7. Be2 e6 8. Qd2 a6 9. 0-0-0 b5 10. Nxc6 Bxc6 11. Qe3 Be7 12. e5 Nd5 13. Nxd5 Bxg5 14. Nc7+ Qxc7 15. Qxg5 0-0 16. exd6 Qa5 17. a3 Rad8 18. Bf3 Qb6 19. Bxc6 Qxc6 20. Qg3 Rfe8 21. Rhe1 Rd7 22. Re3 Qb6 23. Rd2 h6 24. Qf4 Qc5 25. Rg3 Qh5 26. Qd4 e5 27. Qb6 Qxh2 28. Kb1 h5 29. Qxa6 h4 30. Qxb5 Red8 31. Rg4 h3 32. gxh3 Qxh3 33. Rg3 Qe6 34. Rgd3 g6 35. c4 Kg7 36. c5 e4 37. Rd4 Qf5 38. Rd5 Qf4 39. Qb4 Rc8 40. Qc3+ 1-0

[Event "NED-chT"]
[Site "Netherlands"]
[Date "1997.??.??"]
[Round "?"]
[White "Van der Vorm, Teun"]
[Black "Houtman, Joop"]
[Result "1-0"]
[WhiteElo "2405"]
[BlackElo "2330"]
[PlyCount "150"]
[EventDate "1997.??.??"]
[EventType "team"]
[EventRounds "9"]
[EventCountry "NED"]
[SourceTitle "EXT 2007"]
[Source "ChessBase"]
[SourceDate "2006.11.23"]
[SourceVersion "1"]
[SourceVersionDate "2006.11.23"]
[SourceQuality "1"]

1. e4 e5 2. Nf3 Nc6 3. Bb5 a6 4. Ba4 Nf6 5. 0-0 Be7 6. Qe2 b5 7. Bb3 d6 8. c3 0-0 9. Rd1 Na5 10. Bc2 c5 11. d4 cxd4 12. cxd4 Qc7 13. d5 Bg4 14. Bd3 Rfc8 15. Nbd2 Nc4 16. Nf1 Nb6 17. Ne3 Bd7 18. b3 g6 19. Bd2 Be8 20. Ba5 Qb7 21. Be1 Nbd7 22. Nd2 Nc5 23. Bc2 a5 24. a3 Bd7 25. Rdb1 Be8 26. f3 Ncd7 27. b4 axb4 28. axb4 Rxa1 29. Rxa1 Nb6 30. Bd3 Na4 31. Nd1 Bd8 32. Nb3 Bb6+ 33. Kh1 Bd8 34. Bd2 Bd7 35. Rc1 Rxc1 36. Bxc1 Qa6 37. Ne3 Kg7 38. Nc2 Nc3 39. Qd2 Na4 40. Na3 Bb6 41. Na1 Bd8 42. N1c2 Ng8 43. Qe2 Nc3 44. Qe1 Qc8 45. Bd2 Na4 46. Qf1 Nc3 47. Qe1 Na4 48. Bf1 Nb6 49. Qe3 Na8 50. Qd3 Nc7 51. Ne3 Qa6 52. Nd1 Qa4 53. Nb2 Qa6 54. Qb3 Qb7 55. Nd1 Ne7 56. Qe3 Ng8 57. Nc3 Qa6 58. Bc1 h6 59. g3 g5 60. Qd3 Be7 61. Bb2 Qa7 62. Kg2 Nf6 63. Be2 Nfe8 64. Bc1 Bd8 65. Naxb5 Nxb5 66. Nxb5 Qa1 67. Be3 Qa4 68. Qc4 Qa1 69. Nc3 Qe1 70. Bf2 Qc1 71. Nd1 Qb1 72. Nc3 Qa1 73. b5 Qa5 74. Qb3 Bc8 75. b6 Bb7 1-0

[Event "Vienna op"]
[Site "Vienna"]
[Date "1996.??.??"]
[Round "2"]
[White "Barle, Janez"]
[Black "Van der Vorm, Teun"]
[Result "1-0"]
[WhiteElo "2445"]
[BlackElo "2405"]
[PlyCount "41"]
[EventDate "1996.??.??"]
[EventType "swiss"]
[EventRounds "9"]
[EventCountry "AUT"]
[SourceTitle "CBM 053 Extra"]
[Source "ChessBase"]
[SourceDate "1996.09.01"]
[SourceVersion "1"]
[SourceVersionDate "1996.09.01"]
[SourceQuality "1"]

1. e4 c5 2. Nf3 d6 3. Bb5+ Nd7 4. d4 Ngf6 5. 0-0 Nxe4 6. Qe2 Nef6 7. dxc5 dxc5 8. Rd1 a6 9. Bc4 e6 10. Ng5 Qb6 11. Bxe6 fxe6 12. Nxe6 Be7 13. Re1 Ng8 14. Bf4 Ra7 15. Nc7+ Kf8 16. Nd5 Qd8 17. Nxe7 Nxe7 18. Bd6 Ne5 19. Qxe5 b6 20. Nc3 Rd7 21. Rad1 1-0

[Event "Vienna op"]
[Site "Vienna"]
[Date "1996.??.??"]
[Round "6"]
[White "Schlosser, Michael"]
[Black "Van der Vorm, Teun"]
[Result "0-1"]
[WhiteElo "2380"]
[BlackElo "2405"]
[PlyCount "81"]
[EventDate "1996.??.??"]
[EventType "swiss"]
[EventRounds "9"]
[EventCountry "AUT"]
[SourceTitle "CBM 053 Extra"]
[Source "ChessBase"]
[SourceDate "1996.09.01"]
[SourceVersion "1"]
[SourceVersionDate "1996.09.01"]
[SourceQuality "1"]

1. e4 c5 2. Nf3 d6 3. d4 cxd4 4. Nxd4 Nf6 5. Nc3 a6 6. Bc4 e6 7. Bb3 b5 8. 0-0 Be7 9. Qf3 Qc7 10. Qg3 0-0 11. Bh6 Ne8 12. Rfe1 Bd7 13. Rad1 Nc6 14. Nf3 Ne5 15. Nxe5 dxe5 16. Bg5 Bxg5 17. Qxg5 Bc6 18. Rd3 a5 19. a3 Kh8 20. Rh3 Nf6 21. Qh4 Rg8 22. f3 Rad8 23. Qg5 Qd6 24. Rf1 Qd4+ 25. Kh1 Qd2 26. Qxe5 b4 27. axb4 axb4 28. Na2 Qe2 29. Rg1 Rd1 30. Qc5 Rxg1+ 31. Qxg1 Rd8 32. Nc1 Qd1 33. Nd3 Rxd3 34. cxd3 Qxb3 35. Qb1 e5 36. g4 g6 37. Rg3 Bb5 38. Qc1 Qxd3 39. Kg2 b3 40. Qc8+ Kg7 41. Kh3 0-1

[Event "NED-chT 9697"]
[Site "Netherlands"]
[Date "1996.??.??"]
[Round "7"]
[White "Vaganian, Rafael A"]
[Black "Van der Vorm, Teun"]
[Result "1-0"]
[WhiteElo "2615"]
[BlackElo "2405"]
[PlyCount "59"]
[EventDate "1996.??.??"]
[EventType "team"]
[EventRounds "11"]
[EventCountry "NED"]
[SourceTitle "EXT 2001"]
[Source "ChessBase"]
[SourceDate "2000.11.22"]
[SourceVersion "1"]
[SourceVersionDate "2000.11.22"]
[SourceQuality "1"]

1. Nf3 d5 2. g3 c6 3. Bg2 Nf6 4. 0-0 Bf5 5. d3 h6 6. Nbd2 e6 7. Qe1 Be7 8. e4 Bh7 9. Ne5 0-0 10. f4 Na6 11. Kh1 Re8 12. g4 Nd7 13. Nxd7 Qxd7 14. Nf3 c5 15. g5 hxg5 16. fxg5 Bd6 17. Nh4 Nb4 18. Qd1 Be5 19. Bd2 Nc6 20. exd5 exd5 21. Qh5 Rad8 22. Rxf7 Qxf7 23. g6 Bxg6 24. Nxg6 Qe6 25. Bg5 Rd6 26. Rf1 Qxg6 27. Bxd5+ Rxd5 28. Qxg6 Rdd8 29. Qf7+ Kh8 30. Rf3 1-0

[Event "NED-chT 9596"]
[Site "Netherlands"]
[Date "1995.??.??"]
[Round "?"]
[White "Lemmers, Oscar"]
[Black "Van der Vorm, Teun"]
[Result "1-0"]
[WhiteElo "2365"]
[BlackElo "2405"]
[PlyCount "81"]
[EventDate "1995.??.??"]
[EventType "team"]
[EventRounds "9"]
[EventCountry "NED"]
[SourceTitle "EXT 1999"]
[Source "ChessBase"]
[SourceDate "1998.11.16"]
[SourceVersion "1"]
[SourceVersionDate "1998.11.16"]
[SourceQuality "1"]

1. e4 c5 2. c3 Nf6 3. e5 Nd5 4. d4 cxd4 5. Nf3 Nc6 6. Bc4 Nb6 7. Bb3 d5 8. exd6 Qxd6 9. 0-0 Be6 10. Na3 Bxb3 11. Qxb3 e6 12. Nb5 Qd8 13. Rd1 Bc5 14. Nbxd4 Nxd4 15. Nxd4 Qc8 16. Qb5+ Nd7 17. Nf3 Qc6 18. Qd3 0-0-0 19. Be3 Nb6 20. Nd4 Bxd4 21. Bxd4 Rd7 22. Qe2 Rhd8 23. Re1 g6 24. h3 Rd5 25. Qe4 h5 26. a4 a6 27. b3 Nd7 28. c4 Rg5 29. b4 Qxe4 30. Rxe4 e5 31. Be3 Rf5 32. Rd1 Nf6 33. Rxd8+ Kxd8 34. Bb6+ Ke8 35. Re2 Nd7 36. Be3 Rf6 37. b5 Re6 38. c5 Nf6 39. c6 axb5 40. cxb7 Nd7 41. a5 1-0

[Event "NED-chT 9495"]
[Site "Netherlands"]
[Date "1994.??.??"]
[Round "7"]
[White "Van der Vorm, Teun"]
[Black "Piket, Marcel"]
[Result "1/2-1/2"]
[WhiteElo "2405"]
[BlackElo "2350"]
[PlyCount "34"]
[EventDate "1994.??.??"]
[EventType "team"]
[EventRounds "9"]
[EventCountry "NED"]
[SourceTitle "EXT 1998"]
[Source "ChessBase"]
[SourceDate "1997.11.17"]
[SourceVersion "1"]
[SourceVersionDate "1997.11.17"]
[SourceQuality "1"]

1. e4 d6 2. d4 Nf6 3. Nc3 g6 4. Be3 c6 5. Qd2 b5 6. Bd3 Nbd7 7. Nf3 Nb6 8. 0-0 Bg7 9. Bh6 0-0 10. Bxg7 Kxg7 11. h3 Qc7 12. a4 Nc4 13. Qc1 Bd7 14. Re1 a6 15. b3 Nb6 16. a5 Nc8 17. e5 Nd5 1/2-1/2

[Event "NED-chT 9495"]
[Site "Netherlands"]
[Date "1994.??.??"]
[Round "8"]
[White "Van der Vorm, Teun"]
[Black "Westerveld, Wim"]
[Result "0-1"]
[WhiteElo "2405"]
[BlackElo "2245"]
[PlyCount "108"]
[EventDate "1994.??.??"]
[EventType "team"]
[EventRounds "9"]
[EventCountry "NED"]
[SourceTitle "EXT 1998"]
[Source "ChessBase"]
[SourceDate "1997.11.17"]
[SourceVersion "1"]
[SourceVersionDate "1997.11.17"]
[SourceQuality "1"]

1. e4 c5 2. Nf3 Nc6 3. d4 cxd4 4. Nxd4 g6 5. c4 Bg7 6. Be3 Nf6 7. Nc3 Ng4 8. Qxg4 Nxd4 9. Qd1 e5 10. Bd3 0-0 11. 0-0 d6 12. Qd2 a6 13. Rac1 Rb8 14. Ne2 b5 15. Nxd4 exd4 16. Bg5 Qb6 17. b3 Be6 18. Bh6 Bxh6 19. Qxh6 Qa5 20. f4 f5 21. cxb5 axb5 22. Rce1 Rb7 23. exf5 Bxf5 24. Bxf5 gxf5 25. Qxd6 Rg7 26. Qd5+ Kh8 27. Qxd4 Qxa2 28. Rf2 Qxb3 29. Re7 Rfg8 30. Rfe2 Qc4 31. Qf6 Qc5+ 32. Kf1 Qc1+ 33. Re1 Qxf4+ 34. Kg1 Qg5 35. Qxg5 Rxg5 36. R1e2 Rb8 37. Re8+ Rg8 38. Rxg8+ Kxg8 39. Re5 Kf7 40. Rxf5+ Ke6 41. Rf1 b4 42. Rb1 Kd5 43. Kf2 Kc4 44. Ke3 b3 45. g4 b2 46. Kf4 Kc3 47. h4 Kc2 48. Rxb2+ Rxb2 49. Kg5 Kd3 50. Kh6 Rb7 51. g5 Ke4 52. g6 hxg6 53. Kxg6 Kf4 54. h5 Rb6+ 0-1

[Event "NED-chT"]
[Site "Netherlands"]
[Date "1993.??.??"]
[Round "5"]
[White "Boersma, Paul"]
[Black "Van der Vorm, Teun"]
[Result "1-0"]
[WhiteElo "2365"]
[BlackElo "2370"]
[PlyCount "67"]
[EventDate "1993.??.??"]
[EventType "team"]
[EventRounds "11"]
[EventCountry "NED"]
[SourceTitle "EXT 1997"]
[Source "ChessBase"]
[SourceDate "1996.11.15"]
[SourceVersion "1"]
[SourceVersionDate "1996.11.15"]
[SourceQuality "1"]

1. Nf3 Nf6 2. c4 g6 3. Nc3 Bg7 4. e4 d6 5. d4 0-0 6. Be2 e5 7. 0-0 Nc6 8. d5 Ne7 9. Ne1 Nd7 10. Be3 f5 11. f3 f4 12. Bf2 g5 13. g4 fxg3 14. hxg3 Ng6 15. Ng2 h5 16. Ne3 h4 17. gxh4 Nf4 18. Kh2 Nf6 19. Rc1 c5 20. dxc6 bxc6 21. Rc2 Qe7 22. Rd2 Rd8 23. c5 Nxe2 24. cxd6 Qe6 25. Qxe2 Rxd6 26. Nf5 Rxd2 27. Qxd2 Nh7 28. Qd8+ Bf8 29. Rd1 Qf6 30. Be3 Qxd8 31. Rxd8 Kf7 32. Na4 Ke6 33. Nc5+ Kf7 34. Nd7 1-0

[Event "Berliner Sommer 11th"]
[Site "Berlin"]
[Date "1993.??.??"]
[Round "6"]
[White "Sokolov, Andrei"]
[Black "Van der Vorm, Teun"]
[Result "1/2-1/2"]
[WhiteElo "2525"]
[BlackElo "2370"]
[PlyCount "74"]
[EventDate "1993.08.??"]
[EventType "swiss"]
[EventRounds "9"]
[EventCountry "GER"]
[SourceTitle "TD"]
[Source "ChessBase"]
[SourceDate "1994.03.01"]
[SourceVersion "1"]
[SourceVersionDate "1994.03.01"]
[SourceQuality "1"]

1. c4 g6 2. Nc3 Bg7 3. g3 d6 4. Bg2 e5 5. d3 Nc6 6. e3 Nge7 7. Nge2 0-0 8. Rb1 Bg4 9. h3 Be6 10. 0-0 d5 11. cxd5 Nxd5 12. a3 a5 13. Qc2 Nb6 14. b3 f5 15. Na4 Bd5 16. e4 fxe4 17. dxe4 Be6 18. Nc5 Bc8 19. Be3 Qe7 20. Rbd1 Rd8 21. Rxd8+ Nxd8 22. Rc1 c6 23. Rd1 Nf7 24. Qd2 Qc7 25. Nc3 Rb8 26. Bf1 Bf8 27. Kh2 Qd6 28. Qa2 Qe7 29. b4 axb4 30. axb4 Ra8 31. Qb3 Nd7 32. Bc4 Nf6 33. b5 Kg7 34. Bxf7 Qxf7 35. Bh6+ Kg8 36. Rd8 Be6 37. Rxa8 Ng4+ 1/2-1/2

[Event "NED-chT"]
[Site "Netherlands"]
[Date "1993.??.??"]
[Round "7"]
[White "Van der Vorm, Teun"]
[Black "Kuijf, Marinus"]
[Result "1-0"]
[WhiteElo "2370"]
[BlackElo "2440"]
[PlyCount "109"]
[EventDate "1993.??.??"]
[EventType "team"]
[EventRounds "11"]
[EventCountry "NED"]
[SourceTitle "EXT 1997"]
[Source "ChessBase"]
[SourceDate "1996.11.15"]
[SourceVersion "1"]
[SourceVersionDate "1996.11.15"]
[SourceQuality "1"]

1. e4 c5 2. Nf3 Nc6 3. d4 cxd4 4. Nxd4 Nf6 5. Nc3 e5 6. Ndb5 d6 7. Bg5 a6 8. Na3 b5 9. Nd5 Be7 10. Bxf6 Bxf6 11. c3 Ne7 12. Nc2 Nxd5 13. Qxd5 Rb8 14. Nb4 Bb7 15. Qd3 0-0 16. Be2 Rc8 17. 0-0 Rc5 18. Bf3 a5 19. Nc2 Qc7 20. a3 g6 21. Rfd1 Rd8 22. Ne3 Bg5 23. Qe2 Qb6 24. Rd3 f5 25. b4 fxe4 26. bxc5 Qxc5 27. Bxe4 Bxe4 28. Rdd1 Rf8 29. Ng4 Bc6 30. Qd3 Be7 31. Ra2 Rf4 32. Ne3 Be4 33. Qe2 Bc6 34. Qd3 Be4 35. Qe2 Rf8 36. Qd2 Bg5 37. Qxd6 Bxe3 38. fxe3 Qxe3+ 39. Kh1 Qf4 40. Qe6+ Kh8 41. h3 Qg5 42. Re2 Rf4 43. Rde1 Qf5 44. Qe8+ Kg7 45. Kg1 Bd3 46. g4 Qf7 47. Qxf7+ Kxf7 48. Rxe5 h6 49. Rd5 Bc4 50. Rd7+ Kf6 51. Kg2 g5 52. Rd6+ Kg7 53. Re7+ Bf7 54. Ra7 Kf8 55. Rxh6 1-0

[Event "Berliner Sommer 11th"]
[Site "Berlin"]
[Date "1993.??.??"]
[Round "?"]
[White "Van der Vorm, Teun"]
[Black "Shipov, Sergei"]
[Result "1-0"]
[WhiteElo "2370"]
[BlackElo "2500"]
[PlyCount "133"]
[EventDate "1993.08.??"]
[EventType "swiss"]
[EventRounds "9"]
[EventCountry "GER"]
[SourceTitle "EXT 1997"]
[Source "ChessBase"]
[SourceDate "1996.11.15"]
[SourceVersion "1"]
[SourceVersionDate "1996.11.15"]
[SourceQuality "1"]

1. e4 c5 2. Ne2 d6 3. Nbc3 Nf6 4. g3 e6 5. Bg2 Be7 6. 0-0 0-0 7. h3 Nc6 8. d4 cxd4 9. Nxd4 a6 10. g4 Nxd4 11. Qxd4 e5 12. Qd3 Be6 13. a4 Rc8 14. Rd1 Qc7 15. Be3 h6 16. a5 Rfe8 17. Qd2 Qc4 18. Ra4 Qc6 19. Rb4 Qc7 20. Ra4 Nd7 21. Raa1 Nf6 22. Qd3 Qc4 23. Qd2 Qb4 24. Na4 Qxd2 25. Rxd2 Rc6 26. Nb6 Nd7 27. Nd5 Bxd5 28. exd5 Rc7 29. Bf1 Bg5 30. c4 e4 31. Be2 g6 32. Rc2 f5 33. Ra3 f4 34. Bb6 Rcc8 35. Bd4 Bf6 36. Bxf6 Nxf6 37. Rb3 Rc7 38. Rb6 Rd8 39. Rc3 Kf7 40. Rcb3 Rdd7 41. Ra3 Ke7 42. Ra1 Rd8 43. Rd1 Nd7 44. Rb3 Kf6 45. Rc3 Ke5 46. b4 b6 47. axb6 Nxb6 48. Rdc1 Rdc8 49. c5 Nxd5 50. Bxa6 Ra8 51. Bc4 Nxb4 52. cxd6 Rd7 53. Bb5 Rxd6 54. Rc5+ Rd5 55. Rxd5+ Nxd5 56. Rc6 Ra1+ 57. Kh2 Ra2 58. Kg1 f3 59. Rxg6 Nc3 60. Rxh6 Nxb5 61. Rh5+ Ke6 62. Rxb5 e3 63. fxe3 Re2 64. Rf5 Rg2+ 65. Kf1 Rg3 66. Kf2 Rxh3 67. Rh5 1-0